00403nam a2200121 a 450000500170000000800410001705000180005810000200007624500250009626000430012199900190016495200980018320140414131855.0100901s19uu xx 00 eng d aFILbSi3 2009 aMatias, Segundo aSikat ang mommy ko!. aManila, Philippines :bLampara,c2009. c110428d110428 001040aMUbMUcFILd2010-09-01l0oFIL Si3 2009pM0831r2014-04-14 00:00:00w2014-04-14yBK